New chief for English Heritage (Record no. 60313)

MARC details
000 -LEADER
fixed length control field 00632cam a2200205 4500
001 - CONTROL NUMBER
control field WB3542-12
008 - FIXED-LENGTH DATA ELEMENTS--GENERAL INFORMATION
fixed length control field 000000n1999 000 0 eng u
035 ## - SYSTEM CONTROL NUMBER
System control number (Sirsi) u101107
245 ## - TITLE STATEMENT
Title New chief for English Heritage
260 ## - PUBLICATION, DISTRIBUTION, ETC.
Date of publication, distribution, etc. 1999
490 ## - SERIES STATEMENT
Series statement Times
Volume/sequential designation 29 October 1999, 13(1)
520 ## - SUMMARY, ETC.
Summary, etc. Sir Neil Cossons, the Director of the Science Museum, is to take over from Sir Jocelyn Stevens as Chairman of English Heritage in April next year.
590 ## - LOCAL NOTE (RLIN)
Local note WB
650 ## - SUBJECT ADDED ENTRY--TOPICAL TERM
Topical term or geographic name entry element ENGLISH HERITAGE
650 ## - SUBJECT ADDED ENTRY--TOPICAL TERM
Topical term or geographic name entry element CHAIRMAN
650 ## - SUBJECT ADDED ENTRY--TOPICAL TERM
Topical term or geographic name entry element SIR JOCELYN STEVENS
650 ## - SUBJECT ADDED ENTRY--TOPICAL TERM
Topical term or geographic name entry element SIR NEIL COSSONS
690 ## - LOCAL SUBJECT ADDED ENTRY--TOPICAL TERM (OCLC, RLIN)
Topical term or geographic name as entry element CONSERVATION
942 ## - ADDED ENTRY ELEMENTS (KOHA)
Suppress in OPAC 0
Holdings
Withdrawn status Lost status Source of classification or shelving scheme Damaged status Not for loan Home library Current library Shelving location Date acquired Total Checkouts Full call number Barcode Date last seen Copy number Price effective from Koha item type
    Dewey Decimal Classification     London London News article 29/10/1999   WB3542-11 101107-1001 06/08/2019 1 06/08/2019 News article